000
00208 a2200097 4500
001
57861
100
_a
245
_a
Sahafat aur Abghlaqh
260
_a
Lahore
_b
A One Publishers
_c
2008
090
_c
35478
_d
35478
942
_a
NUST-CAE
_c
_c
28311
999
_c
292934
_d
292934